000 00428nam a2200181Ia 4500
001 25014
005 20260414151121.0
008 260414t2006||||xx |||||||||||||| ||spa||
041 _aESP
082 _a346.1
_bE88
100 _aEspinoza Espinoza, Juan
_eAUT
245 0 _aDerecho de las personas
_b
260 _c2006
300 _a1036 páginas :
_c24 cm.
650 _aDER
654 _aCDE
942 _cLIB
_dJUS
_fJUS
_2ddc
_n
999 _c25014
_d25014